[Event "Madrid-ch 2020-2021 - Semifinal"]
[Site "Madrid ESP"]
[Date "2021.05.11"]
[Round "7.1"]
[White "Martinez Fernandez, Raul"]
[Black "Ortega Ruiz, Jose Miguel"]
[Result "1/2-1/2"]
[WhiteElo "2141"]
[BlackElo "2253"]
[PlyCount "40"]
[EventDate "2021.05.05"]
[EventType "swiss"]
[EventRounds "9"]
[EventCountry "ESP"]
[SourceTitle "Ajedrez en Madrid"]
[Source "lmi"]
[SourceDate "2021.05.06"]
[SourceVersion "1"]
[SourceVersionDate "2021.05.15"]
[SourceQuality "1"]

1. e4 e5 2. Nf3 Nc6 3. Bc4 Bc5 4. c3 Nf6 5. d4 exd4 6. cxd4 Bb4+ 7. Nc3 d5 8.
exd5 Nxd5 9. O-O Be6 10. Nxd5 Bxd5 11. Qb3 Bxc4 12. Qxc4 Bd6 13. Bg5 f6 14.
Rfe1+ Ne7 15. Qb5+ Qd7 16. Qxb7 O-O 17. Qb3+ Kh8 18. Bd2 Rab8 19. Qc2 Rb5 20.
b3 Rh5 1/2-1/2

[Event "Madrid-ch 2020-2021 - Semifinal"]
[Site "Madrid ESP"]
[Date "2021.05.11"]
[Round "7.2"]
[White "Bravo De La Vega, Alvaro"]
[Black "Rey Martinez, Jaime"]
[Result "0-1"]
[WhiteElo "1936"]
[BlackElo "1992"]
[PlyCount "58"]
[EventDate "2021.05.05"]
[EventType "swiss"]
[EventRounds "9"]
[EventCountry "ESP"]
[SourceTitle "Ajedrez en Madrid"]
[Source "lmi"]
[SourceDate "2021.05.06"]
[SourceVersion "1"]
[SourceVersionDate "2021.05.15"]
[SourceQuality "1"]

1. e4 c5 2. Nf3 e6 3. d4 cxd4 4. Nxd4 Nf6 5. Nc3 Nc6 6. Ndb5 Bb4 7. a3 Bxc3+ 8.
Nxc3 d5 9. exd5 exd5 10. Bg5 d4 11. Qe2+ Be6 12. O-O-O h6 13. Bxf6 Qxf6 14. Ne4
Qf4+ 15. Kb1 O-O 16. g3 Qe5 17. Bg2 Rfe8 18. f4 Qc7 19. Qd3 b5 20. Qf3 Rac8 21.
Qd3 Bc4 22. Qf3 d3 23. cxd3 Nd4 24. Qf2 Bb3 25. Rc1 Bc2+ 26. Ka2 Qd7 27. Nc3
Re2 28. Qg1 Rxc3 29. bxc3 Bxd3+ 0-1

[Event "Madrid-ch 2020-2021 - Semifinal"]
[Site "Madrid ESP"]
[Date "2021.05.11"]
[Round "7.3"]
[White "De La Puerta Cresis, Javier"]
[Black "Rottenwohrer Suarez, Juan"]
[Result "1-0"]
[WhiteElo "2169"]
[BlackElo "2196"]
[PlyCount "91"]
[EventDate "2021.05.05"]
[EventType "swiss"]
[EventRounds "9"]
[EventCountry "ESP"]
[SourceTitle "Ajedrez en Madrid"]
[Source "lmi"]
[SourceDate "2021.05.06"]
[SourceVersion "1"]
[SourceVersionDate "2021.05.15"]
[SourceQuality "1"]

1. d4 Nf6 2. c4 g6 3. Nc3 Bg7 4. e4 d6 5. f4 O-O 6. Nf3 c5 7. d5 a6 8. Bd3 b5
9. O-O e6 10. dxe6 Bxe6 11. cxb5 Qb6 12. Qe1 c4+ 13. Be3 Qa5 14. Bc2 axb5 15.
f5 Bc8 16. Qh4 b4 17. Nd5 Nxd5 18. exd5 Qd8 19. Ng5 h6 20. fxg6 f5 21. Qh5 b3
22. Nf7 Qe7 23. Bxh6 bxc2 24. Bxg7 Qe3+ 25. Kh1 Kxg7 26. Qh7+ Kf6 27. g7 Rxf7
28. g8=N+ Ke5 29. Qxf7 Kd4 30. Qg7+ Qe5 31. Qc7 Nd7 32. Rae1 Qxd5 33. Rd1+
cxd1=N 34. Rxd1+ Ke5 35. Rxd5+ Kxd5 36. Ne7+ Kd4 37. Nxc8 Rxa2 38. Qxd6+ Ke4
39. Qe6+ Ne5 40. Nd6+ Kd4 41. Nxf5+ Kd3 42. Qd5+ Kc2 43. Ne3+ Kxb2 44. Qxe5+ c3
45. Nd1+ Kc1 46. Qxc3+ 1-0

[Event "Madrid-ch 2020-2021 - Semifinal"]
[Site "Madrid ESP"]
[Date "2021.05.11"]
[Round "7.4"]
[White "Mkrtchyan, Levon"]
[Black "Pindado Campos, Raul"]
[Result "1/2-1/2"]
[WhiteElo "2230"]
[BlackElo "2152"]
[PlyCount "32"]
[EventDate "2021.05.05"]
[EventType "swiss"]
[EventRounds "9"]
[EventCountry "ESP"]
[SourceTitle "Ajedrez en Madrid"]
[Source "lmi"]
[SourceDate "2021.05.06"]
[SourceVersion "1"]
[SourceVersionDate "2021.05.15"]
[SourceQuality "1"]

1. e4 c5 2. Nf3 d6 3. d4 cxd4 4. Nxd4 Nf6 5. Nc3 g6 6. Be3 Bg7 7. f3 O-O 8. Qd2
Nc6 9. O-O-O d5 10. Kb1 Nxd4 11. e5 Nf5 12. exf6 exf6 13. Nxd5 Nxe3 14. Qxe3
Be6 15. Bc4 f5 16. c3 Re8 1/2-1/2

[Event "Madrid-ch 2020-2021 - Semifinal"]
[Site "Madrid ESP"]
[Date "2021.05.11"]
[Round "7.5"]
[White "Martinez-Conde Hernandez, Carlos"]
[Black "Rojas Pozo, Jose Luis"]
[Result "1-0"]
[WhiteElo "2104"]
[BlackElo "1875"]
[PlyCount "41"]
[EventDate "2021.05.05"]
[EventType "swiss"]
[EventRounds "9"]
[EventCountry "ESP"]
[SourceTitle "Ajedrez en Madrid"]
[Source "lmi"]
[SourceDate "2021.05.06"]
[SourceVersion "1"]
[SourceVersionDate "2021.05.15"]
[SourceQuality "1"]

1. e4 e5 2. Nf3 Nf6 3. Nxe5 d6 4. Nf3 Nxe4 5. d4 d5 6. Bd3 Be7 7. O-O Nc6 8. c4
Nb4 9. cxd5 Nxd3 10. Qxd3 Qxd5 11. Re1 Bf5 12. Nc3 Nxc3 13. Qxc3 Be6 14. Re5
Qd7 15. d5 Bxd5 16. Rxe7+ Qxe7 17. Bg5 f6 18. Re1 Be6 19. Nd4 O-O-O 20. Nxe6
Qxe6 21. Rxe6 1-0

[Event "Madrid-ch 2020-2021 - Semifinal"]
[Site "Madrid ESP"]
[Date "2021.05.11"]
[Round "7.6"]
[White "Elissalt Cardenas, Hector"]
[Black "Vukotic Jovsic, Dragan"]
[Result "1/2-1/2"]
[WhiteElo "2281"]
[BlackElo "1859"]
[PlyCount "94"]
[EventDate "2021.05.05"]
[EventType "swiss"]
[EventRounds "9"]
[EventCountry "ESP"]
[SourceTitle "Ajedrez en Madrid"]
[Source "lmi"]
[SourceDate "2021.05.06"]
[SourceVersion "1"]
[SourceVersionDate "2021.05.15"]
[SourceQuality "1"]

1. d4 d5 2. Bf4 Nf6 3. e3 e6 4. Nd2 c5 5. c3 Bd6 6. Bxd6 Qxd6 7. f4 cxd4 8.
cxd4 Qb4 9. Qc1 O-O 10. a3 Qb6 11. Qc3 Bd7 12. Bd3 Rc8 13. Qb3 Rc6 14. Qxb6
Rxb6 15. b3 Rc6 16. Ngf3 Be8 17. Ke2 Nbd7 18. Rhc1 Rac8 19. Rxc6 Rxc6 20. h3
Rc3 21. Rb1 Nb8 22. Rb2 Kf8 23. g4 h6 24. Rc2 Rxc2 25. Bxc2 Bb5+ 26. Ke1 a5 27.
Ne5 Nfd7 28. Ndf3 Nxe5 29. dxe5 Nc6 30. h4 Na7 31. Nd4 Bd7 32. Bd3 Ke7 33. Kd2
f6 34. Kc3 fxe5 35. fxe5 Nc6 36. Nxc6+ Bxc6 37. b4 axb4+ 38. Kxb4 b6 39. g5
hxg5 40. hxg5 Kd7 41. Bb5 Kc7 42. Bxc6 Kxc6 43. g6 b5 44. Kb3 Kc5 45. Kc3 Kc6
46. Kb3 Kc5 47. Kc3 Kc6 1/2-1/2

[Event "Madrid-ch 2020-2021 - Semifinal"]
[Site "Madrid ESP"]
[Date "2021.05.11"]
[Round "7.7"]
[White "Hernandez Ramos, David"]
[Black "Neagu, Roberto Florin"]
[Result "1/2-1/2"]
[WhiteElo "2101"]
[BlackElo "1881"]
[PlyCount "50"]
[EventDate "2021.05.05"]
[EventType "swiss"]
[EventRounds "9"]
[EventCountry "ESP"]
[SourceTitle "Ajedrez en Madrid"]
[Source "lmi"]
[SourceDate "2021.05.06"]
[SourceVersion "1"]
[SourceVersionDate "2021.05.15"]
[SourceQuality "1"]

1. Nf3 Nf6 2. b3 c5 3. Bb2 e6 4. c4 b6 5. g3 Bb7 6. Bg2 Be7 7. O-O O-O 8. Nc3
d5 9. cxd5 Nxd5 10. Qc2 Na6 11. Rac1 Rc8 12. a3 Nac7 13. Rfd1 Ne8 14. d4 c4 15.
Ne5 cxb3 16. Qxb3 Nxc3 17. Bxc3 Bxg2 18. Kxg2 Nf6 19. f3 Qd5 20. Qb2 Rfd8 21.
a4 Qd6 22. e4 Qa3 23. Kf2 a5 24. Ke3 Bb4 25. Qxa3 Bxa3 1/2-1/2

[Event "Madrid-ch 2020-2021 - Semifinal"]
[Site "Madrid ESP"]
[Date "2021.05.11"]
[Round "7.8"]
[White "Cabañas Bravo, Juan Andres"]
[Black "Garcia Fernandez, Jesus"]
[Result "1/2-1/2"]
[WhiteElo "1948"]
[BlackElo "1803"]
[PlyCount "110"]
[EventDate "2021.05.05"]
[EventType "swiss"]
[EventRounds "9"]
[EventCountry "ESP"]
[SourceTitle "Ajedrez en Madrid"]
[Source "lmi"]
[SourceDate "2021.05.06"]
[SourceVersion "1"]
[SourceVersionDate "2021.05.15"]
[SourceQuality "1"]

1. e4 c6 2. Nc3 d5 3. d4 dxe4 4. Nxe4 Bf5 5. Ng3 Bg6 6. Bc4 e6 7. N1e2 Bd6 8.
O-O Nf6 9. f4 Qc7 10. f5 exf5 11. Nxf5 Bxh2+ 12. Kh1 Bxf5 13. Rxf5 Bd6 14. Bh6
Rg8 15. Qe1 Qe7 16. Bf4 Bxf4 17. Nxf4 Nbd7 18. Qg3 Ne4 19. Qe3 Nd6 20. Bxf7+
Nxf7 21. Re1 Nfe5 22. Qh3 Kd8 23. dxe5 g6 24. Qg3 Rf8 25. Rxf8+ Nxf8 26. e6 Ke8
27. Qf2 Rd8 28. g3 Rd6 29. Qxa7 g5 30. Nd3 Rxe6 31. Qb8+ Kf7 32. Rxe6 Nxe6 33.
Qh8 Nf8 34. Qe5 Qxe5 35. Nxe5+ Ke6 36. Nd3 b6 37. c4 Nd7 38. b3 h5 39. Kg2 Kf5
40. Kf2 Ke4 41. Ke2 Kd4 42. Kd2 Ke4 43. Ke2 Kd4 44. Kd2 h4 45. gxh4 gxh4 46.
Nf2 Ne5 47. Nh3 Nd3 48. Ng5 Ne5 49. a3 Kc5 50. Kc3 b5 51. b4+ Kd6 52. cxb5 cxb5
53. Kb3 Ng4 54. a4 bxa4+ 55. Kxa4 Kc7 1/2-1/2

[Event "Madrid-ch 2020-2021 - Semifinal"]
[Site "Madrid ESP"]
[Date "2021.05.11"]
[Round "7.9"]
[White "Huerto Moreno, Jorge"]
[Black "Perez Gonzalez, Daniel"]
[Result "1-0"]
[WhiteElo "1837"]
[BlackElo "2056"]
[PlyCount "75"]
[EventDate "2021.05.05"]
[EventType "swiss"]
[EventRounds "9"]
[EventCountry "ESP"]
[SourceTitle "Ajedrez en Madrid"]
[Source "lmi"]
[SourceDate "2021.05.06"]
[SourceVersion "1"]
[SourceVersionDate "2021.05.15"]
[SourceQuality "1"]

1. e4 c5 2. b3 b6 3. Bb2 Bb7 4. d3 e6 5. Nf3 d5 6. exd5 exd5 7. Qe2+ Qe7 8. Nc3
Nd7 9. Nb5 Qxe2+ 10. Bxe2 Ke7 11. d4 a6 12. Nc7 Ra7 13. dxc5 bxc5 14. O-O-O
Ngf6 15. Rhe1 Kd8 16. Bxf6+ Kxc7 17. Bc3 f6 18. Ba5+ Kc8 19. Bc4 Bd6 20. Bxd5
Bf4+ 21. Kb1 Ne5 22. Be6+ Kb8 23. Nxe5 Bxe5 24. g3 Bc6 25. Bb6 Re7 26. Bc4 Kb7
27. Bxc5 Ree8 28. Bf7 Rd8 29. f4 Bc3 30. Re7+ Ka8 31. Rd3 Rxd3 32. cxd3 Bb5 33.
Bd5+ Kb8 34. Bd6+ Kc8 35. Be6+ Kd8 36. Rc7 Bxd3+ 37. Kc1 Ba5 38. Rc8# 1-0

[Event "Madrid-ch 2020-2021 - Semifinal"]
[Site "Madrid ESP"]
[Date "2021.05.11"]
[Round "7.10"]
[White "Quevedo Marin, Manuel"]
[Black "Centeno Mendoza, Julio Stefano"]
[Result "1-0"]
[WhiteElo "2201"]
[BlackElo "2012"]
[PlyCount "95"]
[EventDate "2021.05.05"]
[EventType "swiss"]
[EventRounds "9"]
[EventCountry "ESP"]
[SourceTitle "Ajedrez en Madrid"]
[Source "lmi"]
[SourceDate "2021.05.06"]
[SourceVersion "1"]
[SourceVersionDate "2021.05.15"]
[SourceQuality "1"]

1. Nf3 d5 2. c4 e6 3. g3 Nf6 4. Bg2 Be7 5. d4 O-O 6. O-O dxc4 7. Qc2 a6 8. Qxc4
b5 9. Qc2 Bb7 10. Bd2 Be4 11. Qc1 Nbd7 12. Ba5 Rc8 13. Nbd2 Bb7 14. Qc2 Qe8 15.
b4 Bd6 16. Nh4 Nd5 17. a3 e5 18. Qb3 c6 19. Ne4 Be7 20. Nf5 exd4 21. Ned6 Bxd6
22. Nxd6 Qxe2 23. Rfe1 Qh5 24. Nxb7 N7f6 25. Qf3 Qg6 26. Nd6 Rb8 27. Nf5 Rbe8
28. Nxd4 Rxe1+ 29. Rxe1 Re8 30. Rxe8+ Nxe8 31. Qe4 Nd6 32. Qxg6 hxg6 33. Nxc6
Nc3 34. Nb8 Nc4 35. Nxa6 Nxa3 36. Bb6 Nc4 37. Bc5 Nd2 38. Nc7 Nb3 39. Nd5 Ne2+
40. Kf1 Nec1 41. Ne7+ Kh8 42. Bd5 f6 43. Nxg6+ Kh7 44. Nf8+ Kh6 45. Be3+ g5 46.
h4 Kh5 47. hxg5 fxg5 48. Ne6 1-0

[Event "Madrid-ch 2020-2021 - Semifinal"]
[Site "Madrid ESP"]
[Date "2021.05.11"]
[Round "7.11"]
[White "Rodriguez Melendez, Juan Humbert"]
[Black "Bustos Bernardo, Samuel"]
[Result "1-0"]
[WhiteElo "2174"]
[BlackElo "2213"]
[PlyCount "71"]
[EventDate "2021.05.05"]
[EventType "swiss"]
[EventRounds "9"]
[EventCountry "ESP"]
[SourceTitle "Ajedrez en Madrid"]
[Source "lmi"]
[SourceDate "2021.05.06"]
[SourceVersion "1"]
[SourceVersionDate "2021.05.15"]
[SourceQuality "1"]

1. e4 c5 2. Nf3 d6 3. d4 cxd4 4. Nxd4 Nf6 5. Nc3 a6 6. Be3 e5 7. Nb3 Be6 8. f3
Be7 9. Qd2 O-O 10. O-O-O Nbd7 11. g4 b5 12. g5 b4 13. Nd5 Nxd5 14. exd5 Bf5 15.
Kb1 a5 16. Nc1 Qc7 17. Bd3 Bxd3 18. Nxd3 Qb7 19. Nf2 a4 20. Ne4 Ra5 21. Rhg1
Kh8 22. f4 Rc8 23. f5 Rb5 24. Qd3 Bf8 25. Rg2 Nc5 26. Bxc5 dxc5 27. Qc4 b3 28.
a3 bxc2+ 29. Rxc2 Rb8 30. Rdd2 Rb3 31. d6 Qd7 32. Ka2 Qxf5 33. Nxc5 Qxg5 34.
Qxa4 R3b5 35. Nd7 Qg4 36. Qxg4 1-0

[Event "Madrid-ch 2020-2021 - Semifinal"]
[Site "Madrid ESP"]
[Date "2021.05.11"]
[Round "7.12"]
[White "Rodriguez Avila, Alvaro"]
[Black "Fernandez Rosado, Roberto"]
[Result "0-1"]
[WhiteElo "1966"]
[BlackElo "2029"]
[PlyCount "106"]
[EventDate "2021.05.05"]
[EventType "swiss"]
[EventRounds "9"]
[EventCountry "ESP"]
[SourceTitle "Ajedrez en Madrid"]
[Source "lmi"]
[SourceDate "2021.05.06"]
[SourceVersion "1"]
[SourceVersionDate "2021.05.15"]
[SourceQuality "1"]

1. e4 e5 2. Nf3 Nc6 3. Bb5 a6 4. Ba4 Nf6 5. O-O b5 6. Bb3 Be7 7. Re1 d6 8. c3
O-O 9. h3 Na5 10. Bc2 c5 11. d4 Nc6 12. d5 Nb8 13. a4 Bb7 14. axb5 axb5 15.
Rxa8 Bxa8 16. Na3 Qa5 17. Qe2 c4 18. Nh4 g6 19. Bg5 Nxd5 20. Qd2 Bxg5 21. Qxg5
Nf4 22. Nf5 Qd8 23. Ne7+ Kg7 24. Nf5+ Kh8 25. Qxd8 Rxd8 26. Ne3 Bc6 27. Rd1 Kg7
28. Kh2 Na6 29. g3 Ne6 30. Nd5 Bxd5 31. exd5 Nec7 32. Kg2 Nc5 33. g4 f6 34. h4
e4 35. Nb1 Nd3 36. Nd2 f5 37. Bxd3 cxd3 38. Ra1 Kf6 39. Ra7 Nxd5 40. g5+ Ke5
41. Rxh7 Kf4 42. h5 gxh5 43. g6 Rg8 44. Rxh5 Rxg6+ 45. Kf1 e3 46. Rh4+ Rg4 47.
Rxg4+ fxg4 48. fxe3+ Kxe3 49. Ke1 g3 50. Nf1+ Kf4 51. Nd2 Ne3 52. b3 Nc2+ 53.
Kf1 Ke3 0-1

[Event "Madrid-ch 2020-2021 - Semifinal"]
[Site "Madrid ESP"]
[Date "2021.05.11"]
[Round "7.13"]
[White "Perez Diez, Victor"]
[Black "Tapia Sanchez, Jose Manuel"]
[Result "1-0"]
[WhiteElo "2000"]
[BlackElo "1750"]
[PlyCount "39"]
[EventDate "2021.05.05"]
[EventType "swiss"]
[EventRounds "9"]
[EventCountry "ESP"]
[SourceTitle "Ajedrez en Madrid"]
[Source "lmi"]
[SourceDate "2021.05.06"]
[SourceVersion "1"]
[SourceVersionDate "2021.05.15"]
[SourceQuality "1"]

1. e4 d5 2. exd5 Nf6 3. Bb5+ c6 4. dxc6 Nxc6 5. Nc3 Bg4 6. Bxc6+ bxc6 7. Nge2
e5 8. f3 Bf5 9. O-O Bc5+ 10. Kh1 Qc7 11. Ng3 Bg6 12. Nce4 Nxe4 13. Nxe4 Bb6 14.
d3 h6 15. f4 f5 16. Ng3 O-O 17. fxe5 Qxe5 18. Qf3 Rae8 19. Qxc6 Rc8 20. Qxg6
1-0

[Event "Madrid-ch 2020-2021 - Semifinal"]
[Site "Madrid ESP"]
[Date "2021.05.12"]
[Round "8.1"]
[White "Rey Martinez, Jaime"]
[Black "Martinez Fernandez, Raul"]
[Result "0-1"]
[WhiteElo "1992"]
[BlackElo "2141"]
[PlyCount "200"]
[EventDate "2021.05.05"]
[EventType "swiss"]
[EventRounds "9"]
[EventCountry "ESP"]
[SourceTitle "Ajedrez en Madrid"]
[Source "lmi"]
[SourceDate "2021.05.06"]
[SourceVersion "1"]
[SourceVersionDate "2021.05.15"]
[SourceQuality "1"]

1. e4 e5 2. Nf3 Nc6 3. Nc3 Nf6 4. d4 exd4 5. Nxd4 Nxe4 6. Nxe4 Qe7 7. f3 d5 8.
Bb5 Bd7 9. Bxc6 bxc6 10. O-O dxe4 11. fxe4 O-O-O 12. Qe2 f6 13. Qa6+ Kb8 14.
Rf3 Ka8 15. Nxc6 Qc5+ 16. Be3 Bxc6 17. Bxc5 Bxc5+ 18. Kh1 Bxe4 19. Rc3 Bb6 20.
Qe2 Bb7 21. Rd1 Rde8 22. Qd3 Re7 23. h3 c5 24. Rxc5 Rhe8 25. Rc3 g5 26. a4 a6
27. Qg3 h5 28. Rf3 h4 29. Qg4 Re4 30. Qd7 Re1+ 31. Rf1 R1e2 32. Rg1 R8e7 33.
Qd6 Bc7 34. Qxf6 g4 35. Qxh4 gxh3 36. Qxh3 R2e3 37. Qh8+ Re8 38. Qh7 R3e7 39.
Qh5 Rg8 40. Rd5 Kb8 41. Rgd1 Bxd5 42. Qxd5 Rh8+ 43. Kg1 Bh2+ 44. Kf2 Rf8+ 45.
Qf3 Rxf3+ 46. Kxf3 Rf7+ 47. Ke2 Kc7 48. Rd3 Be5 49. b4 Rf4 50. Rb3 Rg4 51. Kf3
Rc4 52. g4 Rf4+ 53. Ke3 Rxg4 54. Kd3 Rd4+ 55. Ke3 Kb6 56. c3 Rh4 57. Kd3 Rh3+
58. Kc2 Rh2+ 59. Kd3 Rh4 60. Ra3 Kc7 61. Rb3 Kd6 62. c4 Bf6 63. a5 Rh3+ 64. Kc2
Rh2+ 65. Kd3 Ra2 66. b5 axb5 67. cxb5 Rxa5 68. b6 Ra8 69. b7 Rb8 70. Rb6+ Ke7
71. Kc4 Bg5 72. Kb5 Be3 73. Ra6 Rxb7+ 74. Kc4 Rd7 75. Rg6 Rd1 76. Kc3 Bf4 77.
Ra6 Bd6 78. Ra2 Ke6 79. Kc4 Kf5 80. Rf2+ Bf4 81. Re2 Be5 82. Kc5 Ke6 83. Kc4
Rc1+ 84. Kd3 Kd5 85. Ra2 Rc3+ 86. Kd2 Rh3 87. Ra4 Bd4 88. Ra8 Ke4 89. Re8+ Be5
90. Kc2 Rc3+ 91. Kd2 Rb3 92. Re7 Rb2+ 93. Kc1 Rh2 94. Re8 Kd4 95. Rd8+ Kc3 96.
Rc8+ Kd3 97. Rd8+ Bd4 98. Kb1 Rb2+ 99. Kc1 Ra2 100. Rb8 Rh2 0-1

[Event "Madrid-ch 2020-2021 - Semifinal"]
[Site "Madrid ESP"]
[Date "2021.05.12"]
[Round "8.2"]
[White "Ortega Ruiz, Jose Miguel"]
[Black "Martinez-Conde Hernandez, Carlos"]
[Result "1/2-1/2"]
[WhiteElo "2253"]
[BlackElo "2104"]
[PlyCount "75"]
[EventDate "2021.05.05"]
[EventType "swiss"]
[EventRounds "9"]
[EventCountry "ESP"]
[SourceTitle "Ajedrez en Madrid"]
[Source "lmi"]
[SourceDate "2021.05.06"]
[SourceVersion "1"]
[SourceVersionDate "2021.05.15"]
[SourceQuality "1"]

1. e4 c5 2. Nf3 Nc6 3. d4 cxd4 4. Nxd4 g6 5. Be2 Nf6 6. Nc3 Bg7 7. Nb3 O-O 8.
O-O d6 9. Re1 a6 10. Bf1 e6 11. Bg5 b5 12. Qd2 Ra7 13. Rad1 Rd7 14. Qf4 Nh5 15.
Qd2 Nf6 16. a4 b4 17. Na2 Qb6 18. Be3 Qb8 19. Bh6 Rdd8 20. Bxg7 Kxg7 21. Nd4
Nxd4 22. Qxd4 a5 23. c4 e5 24. Qe3 Bd7 25. b3 Bc6 26. f3 Rd7 27. Rd2 Rfd8 28.
Red1 Ne8 29. g3 Qa7 30. Qxa7 Rxa7 31. Bh3 Kf8 32. Nc1 Ke7 33. Nd3 Raa8 34. Kf2
f6 35. Ke3 Nc7 36. f4 Na6 37. Bg4 Nc5 38. Nxc5 1/2-1/2

[Event "Madrid-ch 2020-2021 - Semifinal"]
[Site "Madrid ESP"]
[Date "2021.05.12"]
[Round "8.3"]
[White "Rottenwohrer Suarez, Juan"]
[Black "Bravo De La Vega, Alvaro"]
[Result "1-0"]
[WhiteElo "2196"]
[BlackElo "1936"]
[PlyCount "71"]
[EventDate "2021.05.05"]
[EventType "swiss"]
[EventRounds "9"]
[EventCountry "ESP"]
[SourceTitle "Ajedrez en Madrid"]
[Source "lmi"]
[SourceDate "2021.05.06"]
[SourceVersion "1"]
[SourceVersionDate "2021.05.15"]
[SourceQuality "1"]

1. Nf3 Nf6 2. c4 c5 3. g3 g6 4. Bg2 Bg7 5. O-O O-O 6. d4 cxd4 7. Nxd4 d5 8.
cxd5 Nxd5 9. Nb5 Nb4 10. N1c3 Qa5 11. Bf4 e5 12. Be3 Rd8 13. Qc1 N4c6 14. Rd1
a6 15. Nd6 Nd4 16. Nxc8 Rxc8 17. Qd2 Rd8 18. Bxb7 Ra7 19. Bg2 Nf3+ 20. Bxf3
Rxd2 21. Rxd2 Rd7 22. Rad1 Rxd2 23. Rxd2 h5 24. Rd6 Qc7 25. Rb6 a5 26. Bd5 Nd7
27. Rb7 Qd6 28. Bb3 Qc6 29. Ra7 Nc5 30. Bxf7+ Kh7 31. Nd5 Ne4 32. Ne7 Qf6 33.
Bxg6+ Kh8 34. Bxe4 h4 35. Ra8+ Bf8 36. Rxf8+ 1-0

[Event "Madrid-ch 2020-2021 - Semifinal"]
[Site "Madrid ESP"]
[Date "2021.05.12"]
[Round "8.4"]
[White "Pindado Campos, Raul"]
[Black "Huerto Moreno, Jorge"]
[Result "1/2-1/2"]
[WhiteElo "2152"]
[BlackElo "1837"]
[PlyCount "133"]
[EventDate "2021.05.05"]
[EventType "swiss"]
[EventRounds "9"]
[EventCountry "ESP"]
[SourceTitle "Ajedrez en Madrid"]
[Source "lmi"]
[SourceDate "2021.05.06"]
[SourceVersion "1"]
[SourceVersionDate "2021.05.15"]
[SourceQuality "1"]

1. d4 Nf6 2. Nf3 g6 3. g3 Bg7 4. Bg2 c5 5. O-O cxd4 6. Nxd4 Nc6 7. c4 Qb6 8.
Nb3 O-O 9. Nc3 d6 10. Be3 Qd8 11. h3 Ne5 12. c5 Nc4 13. Bc1 d5 14. Kh2 Be6 15.
Qc2 Qc8 16. e4 d4 17. Nd5 Bxd5 18. exd5 Nb6 19. Nxd4 Nbxd5 20. Ne2 e6 21. Bd2
Qc6 22. Rac1 Rac8 23. Kg1 b6 24. b4 bxc5 25. bxc5 Nd7 26. Nf4 Rfd8 27. Ba5 Re8
28. Nxd5 exd5 29. Qd2 Nf6 30. Rfd1 Qb5 31. Bf1 Qa4 32. Qb4 Re4 33. Qb7 Rce8 34.
Qxa7 R4e7 35. Qb6 Ne4 36. c6 Be5 37. Bb4 Bc7 38. Qb5 Qxa2 39. Qe2 Qxe2 40. Bxe2
Nxg3 41. Bf3 Ne2+ 42. Kf1 Nxc1 43. Bxe7 Rxe7 44. Rxc1 Re5 45. Rd1 Kg7 46. Bxd5
f5 47. Bf3 Kf6 48. Rb1 Re7 49. Be2 Ba5 50. Rb7 Rxb7 51. cxb7 Bc7 52. Kg2 Ke5
53. Kf3 g5 54. Ke3 Bb6+ 55. Kf3 Ba7 56. Kg3 Ke4 57. Bf3+ Kd3 58. Bh5 Kd2 59.
Bf7 Ke1 60. Kg2 h6 61. Bg6 f4 62. Kf3 Kf1 63. Bf5 Kg1 64. Bg4 Kf1 65. Bh5 Kg1
66. Bg4 Bb8 67. Bh5 1/2-1/2

[Event "Madrid-ch 2020-2021 - Semifinal"]
[Site "Madrid ESP"]
[Date "2021.05.12"]
[Round "8.5"]
[White "Neagu, Roberto Florin"]
[Black "Mkrtchyan, Levon"]
[Result "0-1"]
[WhiteElo "1881"]
[BlackElo "2230"]
[PlyCount "100"]
[EventDate "2021.05.05"]
[EventType "swiss"]
[EventRounds "9"]
[EventCountry "ESP"]
[SourceTitle "Ajedrez en Madrid"]
[Source "lmi"]
[SourceDate "2021.05.06"]
[SourceVersion "1"]
[SourceVersionDate "2021.05.15"]
[SourceQuality "1"]

1. c4 c5 2. Nc3 Nf6 3. g3 d5 4. cxd5 Nxd5 5. Nf3 Nc6 6. d4 cxd4 7. Nxd4 Nxc3 8.
bxc3 Qd5 9. Nf3 Qa5 10. Bd2 e5 11. Bg2 Be7 12. O-O O-O 13. Qc2 h6 14. Rab1 Qc7
15. Rfd1 Be6 16. a4 Rac8 17. Be3 b6 18. Bc1 Na5 19. Qe4 Nc4 20. g4 f5 21. Qc2
fxg4 22. Nd2 Nxd2 23. Bxd2 Bc5 24. Be1 Qf7 25. e3 h5 26. Qe4 Qf6 27. Rb2 Rcd8
28. Rxd8 Rxd8 29. Rd2 Rxd2 30. Bxd2 Qd8 31. Be1 Qd1 32. Kf1 Qb3 33. f3 Qc4+ 34.
Qxc4 Bxc4+ 35. Kf2 Bb3 36. fxg4 Bxa4 37. Bd5+ Kf8 38. Kf3 Bd1+ 39. Ke4 Bxg4 40.
Bc6 Ke7 41. Ba4 Ke6 42. Bb3+ Kf6 43. Ba4 Bf5+ 44. Kd5 Bxe3 45. Be8 g6 46. Bh4+
g5 47. Bg3 Bf4 48. Bxh5 e4 49. Be2 Bxg3 50. hxg3 a5 0-1

[Event "Madrid-ch 2020-2021 - Semifinal"]
[Site "Madrid ESP"]
[Date "2021.05.12"]
[Round "8.6"]
[White "Vukotic Jovsic, Dragan"]
[Black "Quevedo Marin, Manuel"]
[Result "0-1"]
[WhiteElo "1859"]
[BlackElo "2201"]
[PlyCount "104"]
[EventDate "2021.05.05"]
[EventType "swiss"]
[EventRounds "9"]
[EventCountry "ESP"]
[SourceTitle "Ajedrez en Madrid"]
[Source "lmi"]
[SourceDate "2021.05.06"]
[SourceVersion "1"]
[SourceVersionDate "2021.05.15"]
[SourceQuality "1"]

1. d4 Nf6 2. Nf3 d5 3. Bf4 e6 4. e3 Bd6 5. Bg3 O-O 6. Bd3 c5 7. c3 Qc7 8. Ne5
Nbd7 9. f4 c4 10. Bc2 b5 11. a3 Bb7 12. Nd2 a5 13. O-O b4 14. Nxd7 Qxd7 15. Bh4
Ne4 16. Bxe4 dxe4 17. Nxc4 bxc3 18. bxc3 Ba6 19. Nxd6 Bxf1 20. Nxe4 Qc6 21.
Nf6+ Kh8 22. Kxf1 Qxc3 23. Bg5 Qxe3 24. Qh5 Qd3+ 25. Qe2 Qxe2+ 26. Kxe2 gxf6
27. Bxf6+ Kg8 28. Rd1 Rab8 29. d5 exd5 30. Rxd5 Rfe8+ 31. Kf2 a4 32. Rg5+ Kf8
33. Rh5 Rb6 34. Bd4 Rc6 35. Rxh7 Re4 36. Rh8+ Ke7 37. Be5 Rc2+ 38. Kf3 Rce2 39.
Rh5 R4e3+ 40. Kg4 Rxg2+ 41. Kf5 Rg6 42. Rh8 Rxa3 43. h4 Rh3 44. h5 Ra6 45. Kg4
Rh1 46. Rb8 a3 47. Rb7+ Ke6 48. Bc3 f5+ 49. Kg5 Rg1+ 50. Kh6 a2 51. Kh7 a1=Q
52. Bxa1 Raxa1 0-1

[Event "Madrid-ch 2020-2021 - Semifinal"]
[Site "Madrid ESP"]
[Date "2021.05.12"]
[Round "8.7"]
[White "Garcia Fernandez, Jesus"]
[Black "Hernandez Ramos, David"]
[Result "0-1"]
[WhiteElo "1803"]
[BlackElo "2101"]
[PlyCount "46"]
[EventDate "2021.05.05"]
[EventType "swiss"]
[EventRounds "9"]
[EventCountry "ESP"]
[SourceTitle "Ajedrez en Madrid"]
[Source "lmi"]
[SourceDate "2021.05.06"]
[SourceVersion "1"]
[SourceVersionDate "2021.05.15"]
[SourceQuality "1"]

1. d4 d5 2. Bf4 e6 3. e3 Nf6 4. Nf3 c5 5. c3 Nc6 6. Bd3 Nh5 7. Bg5 Qb6 8. Qe2
c4 9. Bc2 Qxb2 10. O-O Qxa1 11. Ba4 Bd7 12. Qc2 b5 13. Na3 Qxf1+ 14. Kxf1 Bxa3
15. Bxb5 Bd6 16. e4 f6 17. e5 fxe5 18. Bxc6 Bxc6 19. dxe5 Be7 20. Be3 O-O 21.
h4 Nf4 22. g3 Nd3 23. Ke2 Rxf3 0-1